000 00384 a2200157 4500
001 153046
040 _cEscola São Tomás de Aquino
100 _aPOZZAN,Maite Cristine Homem
240 1 0 _aMeus contos com Verissimo
_lpor
245 1 0 _aMeus contos com Verissimo
300 _a32
362 0 _a2004
440 1 _aEscala Educacional
697 _a*LITERATURA JUVENIL
942 _cBK
999 _c153046
_d153046